| 000 | 00460cam a22001217a 4500 | ||
|---|---|---|---|
| 008 | 180718b1970 xxu||||| |||| 00| 0 eng d | ||
| 082 | _aT38084x54 N213 | ||
| 245 |
_aSeminar on export research: proceedings _cby National Council of Applied Economic Research |
||
| 260 |
_aNew Delhi _bNational Council of Applied Economic Research _c1970 |
||
| 300 | _a522p. | ||
| 650 | _aForeign Commerce - India - Reserch | ||
| 700 | _aNational Council of Applied Economic Research | ||
| 999 |
_c375392 _d375392 |
||